| 000 | 00603nam a2200145Ia 4500 | ||
|---|---|---|---|
| 008 | 250506s9999 xx 000 0 und d | ||
| 024 | _a17B-089-CS, 17B-070-CS, 17B-078-CS, 17B-094-CS & 17B-067-CS | ||
| 082 | _a005.23072 FAI | ||
| 100 | _aFaiza Zafar, Hafiz Muhammad Talha, Ahmed Sartaj, Usman Ahmed Khan & Arti Kartar Lal | ||
| 245 | 0 | _aReal Time Vehicle Security System | |
| 260 |
_aKarachi: _bUIT, _c2017 |
||
| 600 | _aComputer Science | ||
| 650 | _aBachelor of Computer Science (BS) | ||
| 856 |
_uhttps://drive.google.com/file/d/1nlsHL0eBBgpfz-6UqDzPNmcieRmyW71k/view?usp=sharing _yClick here for PDF |
||
| 999 |
_c28960 _d28960 |
||